000 01130nam a22003378i 4500
001 021478850
003 EG-ScBUE
005 20260216102239.0
008 241126s2025 paua f b 001 0 eng d
020 _a9781975236311
020 _a1975236319
040 _aStDuBDS
_beng
_erda
_cStDuBDS
_dEG-ScBUE
082 0 4 _a618.20231
_222
_bRIC
100 1 _aRicci, Susan Scott,
_eauthor.
245 1 0 _aEssentials of maternity, newborn, and women's health nursing /
_cSusan Scott Ricci, APRN, MSN, MEd, CNE.
250 _aSixth edition.
250 _aInternational edition.
264 1 _aPhiladelphia :
_bWolters Kluwer,
_c2025.
300 _a843 pages :
_billustrations (black and white, and colour) ;
_c28 cm
336 _atext
_2rdacontent
_btxt
336 _astill image
_2rdacontent
_btxt
337 _aunmediated
_2rdamedia
_bn
338 _avolume
_2rdacarrier
_bnc
504 _aIncludes bibliographical references and index.
650 7 _aMaternity nursing.
_2BUEsh
650 7 _aGynecologic nursing.
_2BUEsh
653 _cFebruary2026
_bNNUR
655 _vReading book
942 _2ddc
_cBB
999 _c31136
_d31107